Expanded Universal Science Physics: (Record no. 200690)
[ view plain ]
| 000 -LEADER | |
|---|---|
| fixed length control field | 01140nam a22003017a 4500 |
| 005 - DATE AND TIME OF LATEST TRANSACTION | |
| control field | 20240212165824.0 |
| 010 ## - LCCN (DPL NO) | |
| LC control number | ENG-139216 ENG-139217 ENG-139218 |
| 020 ## - INTERNATIONAL STANDARD BOOK NUMBER | |
| Terms of availability | 1600.00 |
| International Standard Book Number | 9789354499425,9789354499586,9789354499661(Set of 2 Vol and Lab Manual) |
| 035 ## - SYSTEM CONTROL NUMBER | |
| System control number | EN-122748 |
| 035 ## - SYSTEM CONTROL NUMBER | |
| System control number | EN-122749 |
| 035 ## - SYSTEM CONTROL NUMBER | |
| System control number | EN-122750 |
| 037 ## - SOURCE OF ACQUISITION | |
| Source of stock number/acquisition | DBAD/PUB |
| 082 ## - DEWEY DECIMAL CLASSIFICATION NUMBER | |
| Classification number | 530 |
| Edition number | 1 |
| 100 ## - MAIN ENTRY--PERSONAL NAME | |
| Personal name | Naseem, Farheena |
| 245 ## - TITLE STATEMENT | |
| Title | Expanded Universal Science Physics: |
| Remainder of title | A Complete Learning Solution Grade 12/ |
| Statement of responsibility, etc | By Farheena Naseem...[et.al] |
| 250 ## - EDITION STATEMENT | |
| Edition statement | 1 |
| 260 ## - PUBLICATION, DISTRIBUTION, ETC. (IMPRINT) | |
| Place of publication, distribution, etc | Uttar Pradesh |
| Name of publisher, distributor, etc | Pearson India Education Pvt Ltd |
| Date of publication, distribution, etc | 2022 |
| 270 ## - ADDRESS | |
| City | Uttar Pradesh |
| Address | 15th FLoor, Tower-B, World Trade Tower, Plot No.1, Block- C, Sector-16, Noida |
| Postal code | 201301 |
| 300 ## - PHYSICAL DESCRIPTION | |
| Extent | vpp. |
| Dimensions | 25cm(pb) |
| Other physical details | Index |
| 300 ## - PHYSICAL DESCRIPTION | |
| Extent | 211p. |
| Dimensions | 23cm(pb) |
| Other physical details | Index |
| 490 ## - SERIES STATEMENT | |
| Volume number/sequential designation | Vol 1 Vol 2 and Lab Manual |
| 500 ## - GENERAL NOTE | |
| General note | Set Of 2 Volumes and Lab Manual |
| 700 ## - ADDED ENTRY--PERSONAL NAME | |
| Personal name | Khanna, Rumpa |
| Relator term | Author |
| 9 (RLIN) | 61972 |
| 700 ## - ADDED ENTRY--PERSONAL NAME | |
| Personal name | Fangaria, Smita |
| Relator term | Author |
| 9 (RLIN) | 61973 |
| 700 ## - ADDED ENTRY--PERSONAL NAME | |
| Personal name | Joshi, Suneeta |
| Relator term | Author |
| 9 (RLIN) | 61974 |
| 700 ## - ADDED ENTRY--PERSONAL NAME | |
| Personal name | Chaudhary, Vishal |
| Relator term | Author |
| 9 (RLIN) | 61975 |
| 942 ## - ADDED ENTRY ELEMENTS (KOHA) | |
| Source of classification or shelving scheme | Dewey Decimal Classification |
| Item type | English Books |
| Classification part | 530 |
| Call number suffix | NAS |
| Edition | 1 |
| Withdrawn status | Lost status | Materials specified (bound volume or other part) | Not for loan | Collection code | Home library | Current library | Date acquired | Source of acquisition | Cost, normal purchase price | Full call number | Barcode | Copy number | Cost, replacement price | Koha item type |
|---|---|---|---|---|---|---|---|---|---|---|---|---|---|---|
| Lab Manual | Non-fiction | Peshwa Road | Peshwa Road | 12/02/2024 | DBAD/PUB | 0.00 | 530 DAW | EN-122748 | 1 | 0.00 | English Books | |||
| VOL-1 | Non-fiction | Peshwa Road | Peshwa Road | 12/02/2024 | DBAD/PUB | 800.00 | 530 NAS | EN-122749 | 1 | 800.00 | English Books | |||
| VOL 2 | Non-fiction | Peshwa Road | Peshwa Road | 12/02/2024 | DBAD/PUB | 800.00 | 530 NAS | EN-122750 | 1 | 800.00 | English Books |
